[Event "IV Open A Primavera"]
[Site "Como ITA"]
[Date "2008.03.28"]
[Round "6"]
[White "Canali, Marco"]
[Black "Cremaschi, Paolo"]
[Result "0-1"]
[WhiteElo "1862"]
[BlackElo "1618"]
[PlyCount "100"]
[EventDate "2008.02.15"]

1. e4 g6 2. d4 c6 3. Nc3 Bg7 4. Be3 d5 5. e5 f6 6. Nf3 Bg4 7. exf6 Nxf6 8. Qd2
Nbd7 9. h3 Bxf3 10. gxf3 Nh5 11. O-O-O Qc7 12. Ne2 Rf8 13. f4 O-O-O 14. Bg2 Bh6
15. Bf3 Nxf4 16. Nxf4 Bxf4 17. Bg4 Bxe3 18. Qxe3 Qf4 19. Rde1 Rde8 20. Rhf1 Kc7
21. Kb1 Qxe3 22. Rxe3 Rf6 23. Rb3 b6 24. Ra3 a5 25. b4 Ra8 26. Re1 h5 27. Bd1
Kd6 28. bxa5 bxa5 29. Rae3 e6 30. c3 c5 31. Bc2 cxd4 32. cxd4 Rb8+ 33. Kc1 Rb4
34. Ra3 Rxd4 35. Rxa5 Rc4 36. Re2 g5 37. Ra8 Rf3 38. Ra6+ Kc5 39. Raxe6 Rxh3
40. Rg6 g4 41. Kb2 h4 42. Bf5 Nb6 43. Bc2 Rf3 44. Bb3 Rcf4 45. Rc2+ Nc4+ 46.
Kb1 Rxf2 47. Rxf2 Rxf2 48. Rxg4 h3 49. Rg1 h2 50. Rh1 Rf1+ 0-1

[Event "IV Open A Primavera"]
[Site "Como ITA"]
[Date "2008.03.28"]
[Round "6"]
[White "Corti, Filippo"]
[Black "Casella, Vincenzo"]
[Result "0-1"]
[WhiteElo "1592"]
[BlackElo "1527"]
[PlyCount "108"]
[EventDate "2008.02.15"]

1. Nf3 b6 2. g3 Bb7 3. Bg2 Nf6 4. d4 e6 5. O-O Be7 6. c4 O-O 7. Nc3 d5 8. Ne5
c6 9. cxd5 exd5 10. Qb3 Nbd7 11. Nxd7 Qxd7 12. Bg5 Rae8 13. Rae1 Qg4 14. Bxf6
Bxf6 15. e3 Bc8 16. Nxd5 cxd5 17. Bxd5 Be6 18. Bxe6 fxe6 19. Kg2 Rc8 20. f3 Qg6
21. Rc1 Qf7 22. Rfd1 Rfd8 23. Qd3 h6 24. Qb3 Kh7 25. Rc2 Bg5 26. f4 Bf6 27.
Rcd2 Qb7+ 28. Kf2 Qe4 29. h4 Rd5 30. Rd3 Rf8 31. Qb4 Rf7 32. Qd2 g5 33. h5 Kg7
34. Qe2 gxf4 35. exf4 Qxe2+ 36. Kxe2 Rxh5 37. Kf3 Rh2 38. f5 exf5 39. d5 Rxb2
40. d6 Rxa2 41. d7 a5 42. d8=Q Bxd8 43. Rxd8 b5 44. Kf4 Ra4+ 45. Ke5 Re4+ 46.
Kd5 a4 47. Kc5 b4 48. R8d6 b3 49. Ra6 Rb7 50. Rdd6 b2 51. Rg6+ Kf7 52. Rxh6
b1=Q 53. Rh7+ Kf8 54. Rah6 Qb5+ 0-1

[Event "IV Open A Primavera"]
[Site "Como ITA"]
[Date "2008.03.28"]
[Round "6"]
[White "Luppi, Dario"]
[Black "Ghelfi, Giancarlo"]
[Result "0-1"]
[WhiteElo "1727"]
[BlackElo "1526"]
[PlyCount "40"]
[EventDate "2008.02.15"]

1. f4 d5 2. Nf3 Nf6 3. d3 c5 4. c3 e6 5. Qc2 g6 6. e4 Bg7 7. Be2 O-O 8. e5 Nfd7
9. h4 f6 10. d4 cxd4 11. cxd4 fxe5 12. fxe5 Qe8 13. g4 Nc6 14. Be3 Nb6 15. Na3
Bd7 16. h5 Rc8 17. Qd2 Rf7 18. hxg6 hxg6 19. Ng5 Bf8 20. Bd3 Bb4 0-1

[Event "IV Open A Primavera"]
[Site "Como ITA"]
[Date "2008.04.04"]
[Round "7"]
[White "Canali, Marco"]
[Black "Corti, Filippo"]
[Result "1-0"]
[WhiteElo "1862"]
[BlackElo "1592"]
[PlyCount "55"]
[EventDate "2008.02.15"]

1. e4 c6 2. d4 d5 3. f3 dxe4 4. fxe4 e5 5. Nf3 exd4 6. Bc4 Be6 7. Bxe6 fxe6 8.
Nxd4 Qh4+ 9. Kf1 Bc5 10. Be3 Nf6 11. Nf3 Qh5 12. e5 Bxe3 13. exf6 gxf6 14. Qe2
Qb5 15. c4 Qb6 16. Nc3 e5 17. Na4 Qa5 18. Qxe3 Qxa4 19. Nxe5 fxe5 20. Qxe5+ Kf7
21. b3 Qb4 22. Qxh8 Kg6 23. Qg8+ Kf6 24. Re1 Qd6 25. Qh8+ Kg6 26. Qe8+ Kf6 27.
Re3 Qd1+ 28. Kf2 1-0

[Event "IV Open A Primavera"]
[Site "Como ITA"]
[Date "2008.04.04"]
[Round "7"]
[White "Cremaschi, Paolo"]
[Black "Bellotto, Stefano"]
[Result "0-1"]
[WhiteElo "1618"]
[BlackElo "1993"]
[PlyCount "72"]
[EventDate "2008.02.15"]

1. d4 f5 2. e3 Nf6 3. c4 g6 4. Nc3 Bg7 5. Bd3 O-O 6. Nge2 d6 7. O-O c6 8. f3 e5
9. dxe5 dxe5 10. e4 Qb6+ 11. Kh1 f4 12. Rb1 a5 13. Na4 Qc7 14. Qc2 Na6 15. a3
Be6 16. c5 Qf7 17. Nb6 Rad8 18. Bxa6 bxa6 19. Bd2 Bb3 20. Qc3 a4 21. Qb4 Nd7
22. Bc3 Nxb6 23. cxb6 Qc4 24. Qxc4+ Bxc4 25. Rfe1 Rd7 26. Rbc1 Bb5 27. Bb4 Rb8
28. Bc5 Rd2 29. Nc3 Rxb2 30. Nxb5 Rxb5 31. Red1 Bf8 32. Bg1 Bxa3 33. Rxc6 Bf8
34. Rd7 a3 35. Ra7 a5 36. Rc1 a2 0-1

[Event "IV Open A Primavera"]
[Site "Como ITA"]
[Date "2008.04.04"]
[Round "7"]
[White "Mason, Giovanni"]
[Black "Calabrese, Salvatore"]
[Result "1-0"]
[WhiteElo "1562"]
[BlackElo "1299"]
[PlyCount "43"]
[EventDate "2008.02.15"]

1. e4 b6 2. Nf3 Bb7 3. d3 g6 4. g3 d5 5. e5 d4 6. Bg2 Bg7 7. O-O Bxe5 8. Nxe5
Bxg2 9. Kxg2 Qd5+ 10. Nf3 Nd7 11. Re1 Ne5 12. Rxe5 f6 13. Rxd5 e5 14. Qe2 Ne7
15. Rb5 a6 16. Rb3 O-O 17. Nbd2 f5 18. Qxe5 Rf7 19. Nc4 f4 20. Bxf4 Rf5 21.
Qe6+ Kf8 22. Bh6+ 1-0

[Event "IV Open A Primavera"]
[Site "Como ITA"]
[Date "2008.04.04"]
[Round "7"]
[White "Pede, Lucio"]
[Black "Luppi, Dario"]
[Result "0-1"]
[WhiteElo "1664"]
[BlackElo "1727"]
[PlyCount "56"]
[EventDate "2008.02.15"]

1. e4 c5 2. c3 e6 3. Nf3 Nc6 4. d4 d5 5. dxc5 Bxc5 6. b4 Bb6 7. exd5 exd5 8.
Bb2 Qf6 9. Qxd5 Be6 10. Qg5 O-O-O 11. Bb5 Nxb4 12. Na3 Nd3+ 13. Bxd3 Rxd3 14.
O-O Rxf3 15. Qb5 Rf5 16. Qe8+ Qd8 17. Qa4 Nf6 18. Rad1 Qe7 19. Nb5 Kb8 20. Ba3
Qe8 21. Bd6+ Ka8 22. Qxa7+ Bxa7 23. Nc7+ Kb8 24. Nb5+ Kc8 25. Nxa7+ Kd7 26.
Be5+ Nd5 27. Rfe1 Rxe5 28. Rxe5 Qb8 0-1

[Event "IV Open A Primavera"]
[Site "Como ITA"]
[Date "2008.04.04"]
[Round "7"]
[White "Rossi, Giampiero"]
[Black "Ghelfi, Giancarlo"]
[Result "1-0"]
[WhiteElo "2003"]
[BlackElo "1526"]
[PlyCount "111"]
[EventDate "2008.02.15"]

1. d4 Nf6 2. c4 g6 3. g3 Bg7 4. Bg2 O-O 5. Nc3 d6 6. Nf3 Nbd7 7. O-O e5 8. Qc2
exd4 9. Nxd4 Re8 10. Rd1 a6 11. e3 Rb8 12. b3 Ne5 13. h3 Bd7 14. Bb2 Qc8 15.
Kh2 h5 16. Nd5 Nh7 17. f4 Nc6 18. e4 Be6 19. Rac1 Bxd5 20. cxd5 Nb4 21. Qb1 a5
22. Nb5 Qd7 23. Nxc7 Rec8 24. Bxg7 Kxg7 25. a3 Rxc7 26. axb4 axb4 27. Rxc7 Qxc7
28. Rc1 Qb6 29. Qb2+ Kg8 30. Rc4 Nf8 31. Qd4 Qxd4 32. Rxd4 Nd7 33. Rxb4 Nc5 34.
Rb6 Rd8 35. b4 Nd3 36. Rxb7 Rc8 37. Kg1 Rc1+ 38. Bf1 Rb1 39. b5 Nc5 40. Rb8+
Kg7 41. Re8 Re1 42. Kf2 Rxe4 43. Rxe4 Nxe4+ 44. Ke3 Nc5 45. b6 Kf8 46. Bb5 Ke7
47. Bc6 Kd8 48. h4 Nd7 49. Bxd7 Kxd7 50. f5 Kc8 51. fxg6 fxg6 52. Kf4 Kb7 53.
Kg5 Kxb6 54. Kxg6 Kc5 55. Kxh5 Kxd5 56. Kg6 1-0

[Event "VII Weekend Scacchi tra le Torri A"]
[Site "Melegnano ITA"]
[Date "2008.02.25"]
[Round "1"]
[White "Ceccarini, Marco"]
[Black "Giretti Kanev, Jasen"]
[Result "1-0"]
[WhiteElo "2073"]
[BlackElo "2207"]
[PlyCount "51"]
[EventDate "2008.02.22"]

1. e4 c6 2. d4 d5 3. f3 dxe4 4. fxe4 e5 5. Nf3 exd4 6. Bc4 Be6 7. Bxe6 fxe6 8.
Qxd4 Qxd4 9. Nxd4 Kd7 10. Be3 Nf6 11. Nd2 Bc5 12. Rf1 Ng4 13. Bg1 e5 14. Rf7+
Ke8 15. Rxg7 h5 16. N4f3 Bxg1 17. Nxg1 Na6 18. Ke2 Nxh2 19. Ngf3 Nxf3 20. Nxf3
Nc5 21. Nxe5 Rd8 22. Ng6 Rd6 23. Nxh8 Ne6 24. Rg8+ Ke7 25. Rf1 Nd4+ 26. Kd3 1-0

[Event "VII Weekend Scacchi tra le Torri A"]
[Site "Melegnano ITA"]
[Date "2008.02.23"]
[Round "3"]
[White "Brigati, Alessandro"]
[Black "Gagliardi, Christian"]
[Result "0-1"]
[WhiteElo "2106"]
[BlackElo "2186"]
[PlyCount "62"]
[EventDate "2008.02.22"]

1. d4 g6 2. Bf4 Bg7 3. e3 d6 4. Nf3 Nd7 5. h3 e5 6. Bh2 e4 7. Nfd2 f5 8. c4 Nh6
9. Nc3 Nf7 10. b4 O-O 11. Qb3 Kh8 12. c5 a5 13. bxa5 dxc5 14. Nb5 cxd4 15. Nxd4
Nc5 16. Qc4 Na6 17. Rc1 c6 18. N2b3 Qe7 19. Be2 Ne5 20. Bxe5 Bxe5 21. g3 Nb4
22. a4 Nd5 23. Rg1 h6 24. h4 Kh7 25. h5 g5 26. Rb1 Bd6 27. Kf1 f4 28. gxf4 gxf4
29. Rg6 fxe3 30. Ke1 exf2+ 31. Kd2 Bf4+ 0-1

[Event "XIII Weekend A"]
[Site "Ivrea ITA"]
[Date "2008.03.14"]
[Round "1"]
[White "Bisi, Samuele"]
[Black "Marguerettaz, Davy"]
[Result "0-1"]
[WhiteElo "1530"]
[BlackElo "1978"]
[PlyCount "82"]
[EventDate "2008.03.14"]

1. d4 d5 2. c4 c6 3. Nc3 Nf6 4. Bg5 dxc4 5. e4 b5 6. e5 Nd5 7. Nf3 Bf5 8. g3
Nb4 9. a3 Nc2+ 10. Kd2 Nxa1 11. Qxa1 h6 12. Be3 Nd7 13. Bg2 Rc8 14. Rd1 Nb6 15.
Ke1 e6 16. Kf1 Be7 17. Kg1 O-O 18. Nd2 Nd5 19. Nxd5 cxd5 20. f4 a5 21. h3 b4
22. g4 Bh7 23. axb4 axb4 24. Rf1 c3 25. bxc3 Rxc3 26. Bf2 Qa8 27. Qe1 Bd3 28.
Bh4 Bxh4 29. Qxh4 Bxf1 30. Nxf1 b3 31. f5 b2 32. Nd2 exf5 33. gxf5 Qd8 34. f6
Kh7 35. Qg4 g6 36. h4 Qc8 37. Qf4 Qf5 38. Qh2 Rc1+ 39. Nf1 b1=Q 40. Qh1 Rxf1+
41. Bxf1 Qfxf1+ 0-1

[Event "XIII Weekend A"]
[Site "Ivrea ITA"]
[Date "2008.03.14"]
[Round "1"]
[White "Bogatto, Mario"]
[Black "Paonessa, Denis"]
[Result "0-1"]
[WhiteElo "1519"]
[BlackElo "1960"]
[PlyCount "82"]
[EventDate "2008.03.14"]

1. e4 e5 2. Nf3 Nc6 3. Bb5 a6 4. Bxc6 dxc6 5. O-O f6 6. d3 Bd6 7. Be3 Be6 8. h3
Ne7 9. a4 c5 10. c3 O-O 11. Na3 Nc6 12. Nd2 Qe8 13. Ndc4 Be7 14. f4 Rd8 15. Qe2
Bf7 16. f5 Bh5 17. g4 Bf7 18. Rf2 Na7 19. Rd1 Qxa4 20. Rg2 Qe8 21. Qf2 b5 22.
Bxc5 Bxc5 23. Qxc5 bxc4 24. Qxa7 Qc6 25. Rgd2 cxd3 26. Re1 Rb8 27. Qe3 Rfd8 28.
Rf1 Qa4 29. Rff2 Bc4 30. h4 Rxb2 31. Rxb2 Qxa3 32. Rfd2 Qxc3 33. Kg2 Bb5 34.
Qe1 c5 35. Qg3 Qd4 36. Qf3 c4 37. Rb4 Qc5 38. Rxb5 axb5 39. g5 Qc6 40. gxf6
Qxf6 41. h5 Qg5+ 0-1

[Event "XIII Weekend A"]
[Site "Ivrea ITA"]
[Date "2008.03.14"]
[Round "1"]
[White "Caresana, Alessandro"]
[Black "Giachino, Adriano"]
[Result "1-0"]
[WhiteElo "2056"]
[BlackElo "1535"]
[PlyCount "57"]
[EventDate "2008.03.14"]

1. d4 d5 2. c4 Nf6 3. cxd5 Nxd5 4. e4 Nf6 5. Nc3 Nc6 6. Bb5 e6 7. d5 exd5 8.
exd5 Nxd5 9. Qxd5 Bd7 10. Bg5 Be7 11. Bxe7 Qxe7+ 12. Nge2 O-O-O 13. O-O Be6 14.
Qe4 f5 15. Qa4 Rd6 16. Rfe1 g5 17. Bxc6 Rxc6 18. Nd4 Ra6 19. Qc2 Qd7 20. Rad1
Qf7 21. Ncb5 Rd8 22. Nxe6 Rxe6 23. Rxd8+ Kxd8 24. Rxe6 Qxe6 25. Qxc7+ Ke8 26.
Nd6+ Kf8 27. Qd8+ Kg7 28. Qxg5+ Kf8 29. Qxf5+ 1-0

[Event "XIII Weekend A"]
[Site "Ivrea ITA"]
[Date "2008.03.14"]
[Round "1"]
[White "Castaldo, Folco"]
[Black "Bellafiore, Enzo"]
[Result "1-0"]
[WhiteElo "2349"]
[BlackElo "1631"]
[PlyCount "91"]
[EventDate "2008.03.14"]

1. e4 c5 2. Nc3 Nc6 3. f4 e6 4. Nf3 Nge7 5. d4 cxd4 6. Nxd4 a6 7. Be3 d5 8. Nb3
g6 9. Bd4 Nxd4 10. Qxd4 Rg8 11. O-O-O Nc6 12. Qe3 d4 13. Nxd4 Bc5 14. Nce2 Qb6
15. Qd3 Bd7 16. g3 O-O-O 17. Bg2 Be8 18. c3 e5 19. Bh3+ Bd7 20. Nxc6 Qxc6 21.
Bxd7+ Rxd7 22. Qxd7+ Qxd7 23. Rxd7 Kxd7 24. fxe5 Be3+ 25. Kc2 Ke6 26. Nd4+ Kxe5
27. Kd3 Bh6 28. Rf1 f6 29. b4 Rd8 30. a4 Bf8 31. Rb1 h5 32. Rb2 Be7 33. Ke3 Rc8
34. Nf3+ Ke6 35. Kd3 Rd8+ 36. Kc2 g5 37. Nd4+ Ke5 38. Kd3 g4 39. Rf2 Rh8 40.
Rf5+ Kd6 41. Rd5+ Kc7 42. Ne6+ Kc8 43. Ng7 Rd8 44. Nxh5 Rxd5+ 45. exd5 f5 46.
Ng7 1-0

[Event "XIII Weekend A"]
[Site "Ivrea ITA"]
[Date "2008.03.14"]
[Round "1"]
[White "Costabloz, Giammarco"]
[Black "Ranieri, Fabrizio"]
[Result "0-1"]
[WhiteElo "1625"]
[BlackElo "2238"]
[PlyCount "82"]
[EventDate "2008.03.14"]

1. e4 e6 2. d4 d5 3. exd5 exd5 4. Bd3 Nc6 5. Nf3 Bg4 6. c3 Bd6 7. O-O Nge7 8.
Be3 Qd7 9. Nbd2 O-O-O 10. Qc2 Nf5 11. Rae1 Rde8 12. Ng5 h6 13. Ngf3 Kb8 14. Bb5
a6 15. Bd3 g5 16. b4 Nce7 17. a4 Reg8 18. b5 a5 19. Ne5 Bxe5 20. dxe5 Nxe3 21.
Rxe3 Ng6 22. Nb3 b6 23. Nd4 Nf4 24. Bf5 Bxf5 25. Nxf5 h5 26. Rd1 Qe6 27. Nd4
Qg4 28. Rg3 Qd7 29. Nc6+ Kb7 30. c4 h4 31. Re3 Qg4 32. f3 Nh3+ 33. Kh1 Qf4 34.
Red3 g4 35. cxd5 Ng5 36. Rd4 Qe3 37. fxg4 h3 38. d6 hxg2+ 39. Qxg2 Rxh2+ 40.
Kxh2 Rh8+ 41. Qh3 Rxh3+ 0-1

[Event "XIII Weekend A"]
[Site "Ivrea ITA"]
[Date "2008.03.14"]
[Round "1"]
[White "Crepaldi, Marco"]
[Black "Liviabella, Lucio"]
[Result "0-1"]
[WhiteElo "1836"]
[BlackElo "1475"]
[PlyCount "70"]
[EventDate "2008.03.14"]

1. e4 c5 2. Nf3 d6 3. d4 cxd4 4. Nxd4 a6 5. c4 g6 6. Nc3 Bg7 7. Be3 Nf6 8. Be2
Bd7 9. Qd2 O-O 10. h4 Nc6 11. h5 Ne5 12. hxg6 fxg6 13. Bh6 Rf7 14. Bxg7 Rxg7
15. f4 Nc6 16. O-O-O Nxd4 17. Qxd4 Rc8 18. e5 Ne8 19. g4 Rf7 20. f5 gxf5 21.
gxf5 Bxf5 22. Rdg1+ Rg7 23. exd6 Qxd6 24. Nd5 Rxg1+ 25. Rxg1+ Bg6 26. Bd3 e5
27. Qg4 Rc6 28. Bxg6 hxg6 29. Qe4 Kf7 30. Rg5 b5 31. b3 bxc4 32. Rxe5 cxb3+ 33.
Kb2 Nf6 34. Re7+ Kf8 35. Qh1 Qxd5 0-1

[Event "XIII Weekend A"]
[Site "Ivrea ITA"]
[Date "2008.03.14"]
[Round "1"]
[White "Favoni, Matteo"]
[Black "Menniti, Domenico"]
[Result "1-0"]
[WhiteElo "1900"]
[BlackElo "1515"]
[PlyCount "63"]
[EventDate "2008.03.14"]

1. d4 d5 2. c4 e6 3. Nc3 Nf6 4. Nf3 c6 5. Bg5 Be7 6. e3 Nbd7 7. Rc1 O-O 8. Bd3
dxc4 9. Bxc4 Nb6 10. Bd3 Nfd5 11. Bxe7 Qxe7 12. O-O Rd8 13. Ne5 Nd7 14. Nxd7
Bxd7 15. a3 Rac8 16. Qa4 a6 17. Qb3 Rb8 18. Na4 e5 19. dxe5 Qxe5 20. Nc5 Be6
21. Qc2 Nf6 22. Nxe6 Qxe6 23. Rfd1 Qe5 24. h3 g6 25. Bc4 Rd6 26. Qb3 Rxd1+ 27.
Rxd1 Qc7 28. Qd3 b5 29. Ba2 c5 30. Qd6 Qb6 31. Qe7 Rb7 32. Rd8+ 1-0

[Event "XIII Weekend A"]
[Site "Ivrea ITA"]
[Date "2008.03.14"]
[Round "1"]
[White "Mazzeschi, Marco"]
[Black "Fortino, Fabrizio"]
[Result "1-0"]
[WhiteElo "1552"]
[BlackElo "2068"]
[PlyCount "67"]
[EventDate "2008.03.14"]

1. e4 c5 2. Nf3 Nc6 3. d4 cxd4 4. Nxd4 Nf6 5. Nc3 e5 6. Ndb5 d6 7. Bg5 a6 8.
Bxf6 gxf6 9. Na3 b5 10. Nd5 f5 11. Bd3 Be6 12. c3 Bxd5 13. exd5 Ne7 14. Qh5 Qd7
15. Nc2 Bg7 16. f3 O-O 17. g4 e4 18. fxe4 f4 19. O-O Ng6 20. Ne1 Qa7+ 21. Kh1
Ne5 22. Bc2 Qe3 23. Qg5 Qe2 24. Qxf4 Nxg4 25. Bd3 Qxb2 26. Rb1 Qxh2+ 27. Qxh2
Nxh2 28. Kxh2 Bxc3 29. Rf3 f6 30. Rh3 Ra7 31. Nf3 b4 32. Rg1+ Kh8 33. Nh4 Be5+
34. Kh1 1-0

[Event "XIII Weekend A"]
[Site "Ivrea ITA"]
[Date "2008.03.14"]
[Round "1"]
[White "Razzano, Lorenzo"]
[Black "Raviola, Piergiorgio"]
[Result "1-0"]
[WhiteElo "1895"]
[BlackElo "1508"]
[PlyCount "68"]
[EventDate "2008.03.14"]

1. e4 e5 2. Nf3 Nc6 3. Bc4 Be7 4. d3 Nf6 5. O-O d6 6. c3 O-O 7. Nbd2 Bg4 8. h3
Bh5 9. Bb3 d5 10. exd5 Nxd5 11. Ne4 Nf6 12. Ng3 Bg6 13. Bc2 Nd5 14. Re1 Bf6 15.
Qe2 Re8 16. Ne4 Bxe4 17. Qxe4 g6 18. Bh6 Nde7 19. g4 Qd5 20. Qe3 Kh8 21. Bb3
Qd6 22. Bxf7 Nd5 23. Qe4 Nde7 24. Bxe8 Rxe8 25. g5 Nf5 26. gxf6 Nxh6 27. d4 Nf7
28. Qh4 Re6 29. dxe5 Ncxe5 30. Nxe5 Nxe5 31. Qg3 Qd5 32. Rad1 Nf3+ 33. Qxf3
Rxe1+ 34. Rxe1 Qg5+ 1-0

[Event "XIII Weekend A"]
[Site "Ivrea ITA"]
[Date "2008.03.14"]
[Round "1"]
[White "Santia', Andrea"]
[Black "Di Chiara, Mauro"]
[Result "0-1"]
[WhiteElo "1467"]
[BlackElo "1812"]
[PlyCount "86"]
[EventDate "2008.03.14"]

1. d4 d6 2. e4 Nf6 3. Nc3 c6 4. Nf3 Bg4 5. Be2 e6 6. O-O d5 7. e5 Nfd7 8. h3
Bxf3 9. Bxf3 Be7 10. Qe2 O-O 11. Be3 c5 12. Rad1 cxd4 13. Bxd4 Nc6 14. Nb5 a6
15. Nc3 Nxd4 16. Rxd4 Qb6 17. Rfd1 Rac8 18. Na4 Qc7 19. c4 Nxe5 20. cxd5 Nxf3+
21. Qxf3 exd5 22. Rxd5 Rfd8 23. Rxd8+ Rxd8 24. Rxd8+ Qxd8 25. Qxb7 Qd1+ 26. Kh2
Bd6+ 27. g3 Qxa4 28. Qc8+ Bf8 29. a3 Qd4 30. Kg2 a5 31. Qa8 a4 32. h4 Qxb2 33.
Qxa4 Qxa3 34. Qe8 Qa7 35. f4 Qb7+ 36. Kh3 h5 37. Kh2 Qf3 38. Qb5 Qf2+ 39. Kh1
Qxg3 40. Qxh5 Qxf4 41. Kg2 Qe4+ 42. Kh3 Qh1+ 43. Kg4 Qd1+ 0-1

[Event "XIII Weekend A"]
[Site "Ivrea ITA"]
[Date "2008.03.14"]
[Round "1"]
[White "Scarrone, Alberto"]
[Black "Termini, Luigi Robert"]
[Result "1-0"]
[WhiteElo "1784"]
[BlackElo "1459"]
[PlyCount "55"]
[EventDate "2008.03.14"]

1. d4 Nf6 2. c4 c6 3. Nc3 d6 4. e4 g6 5. Nf3 Bg4 6. Be2 Bg7 7. O-O O-O 8. Be3
Ne8 9. Qd2 e5 10. dxe5 Bxf3 11. Bxf3 Bxe5 12. Rad1 Qc7 13. Bf4 Nd7 14. Bxe5
Nxe5 15. Be2 Rd8 16. f4 Nd7 17. Kh1 Ndf6 18. e5 Nh5 19. Bxh5 gxh5 20. Rf3 Ng7
21. exd6 Qd7 22. Rg3 f5 23. Qd4 b6 24. c5 bxc5 25. Qxc5 Rf6 26. Qe5 Rxd6 27.
Rxd6 Qxd6 28. Qxg7# 1-0

[Event "XIII Weekend A"]
[Site "Ivrea ITA"]
[Date "2008.03.14"]
[Round "1"]
[White "Sorcinelli, Francesco"]
[Black "Giunto, Andrea"]
[Result "1-0"]
[WhiteElo "2119"]
[BlackElo "1554"]
[PlyCount "53"]
[EventDate "2008.03.14"]

1. e4 c5 2. Nf3 d6 3. d4 cxd4 4. Nxd4 Nf6 5. Nc3 g6 6. Be3 Bg7 7. f3 O-O 8. Qd2
Nc6 9. O-O-O Bd7 10. h4 Qa5 11. Nb3 Qc7 12. Bh6 Rfc8 13. Bxg7 Kxg7 14. h5 Ne5
15. hxg6 fxg6 16. Nd4 Rh8 17. Qh6+ Kf7 18. g4 Qd8 19. g5 Nh5 20. Rxh5 gxh5 21.
f4 Bg4 22. fxe5 Bxd1 23. Bc4+ Ke8 24. Bb5+ Kf7 25. g6+ hxg6 26. Bc4+ e6 27.
Bxe6+ 1-0

[Event "XIII Weekend A"]
[Site "Ivrea ITA"]
[Date "2008.03.14"]
[Round "1"]
[White "Tricerri, Pierino"]
[Black "Blundo, Michele"]
[Result "0-1"]
[WhiteElo "1512"]
[BlackElo "1897"]
[PlyCount "70"]
[EventDate "2008.03.14"]

1. d4 Nf6 2. c4 d5 3. Nc3 e6 4. cxd5 exd5 5. Bg5 c6 6. e3 Bd6 7. Bd3 Nbd7 8.
Qc2 h6 9. Bh4 O-O 10. Nge2 Re8 11. O-O Nf8 12. e4 dxe4 13. Nxe4 Be7 14. Bg3
Nxe4 15. Bxe4 Bg4 16. f3 Be6 17. Rfd1 Bd5 18. Bf5 Bf6 19. Nf4 Qb6 20. Bf2 Bg5
21. Nxd5 cxd5 22. Re1 Be7 23. Re5 Rab8 24. Rae1 Qb5 25. Rxe7 Rxe7 26. Rxe7 Re8
27. Bd3 Rc8 28. Qb1 Qc6 29. Be3 Ne6 30. Rxf7 Kxf7 31. Bg6+ Ke7 32. Bd2 Nxd4 33.
Bc3 Ne2+ 34. Kf1 Nxc3 35. Qe1+ Kf6 0-1

[Event "XIII Weekend A"]
[Site "Ivrea ITA"]
[Date "2008.03.14"]
[Round "1"]
[White "Vigliocco, Davide"]
[Black "Zannoni, Gianni"]
[Result "0-1"]
[WhiteElo "1500"]
[BlackElo "1874"]
[PlyCount "132"]
[EventDate "2008.03.14"]

1. e4 d6 2. d4 Nf6 3. Nc3 c6 4. f3 Nbd7 5. Bc4 e5 6. d5 c5 7. Bg5 Be7 8. Nge2
a6 9. a4 Nf8 10. g4 Ng6 11. Ng3 Nxe4 12. Ngxe4 Bxg5 13. Qe2 Nf4 14. Qf1 Bh4+
15. Ng3 f5 16. O-O-O fxg4 17. fxg4 Bxg4 18. Re1 O-O 19. Qg1 Bf3 20. Nce4 Bxe4
21. Rxe4 Bg5 22. Kb1 Nh3 23. Qg2 Nf2 24. Rg1 Nxe4 25. Nxe4 Bh6 26. Qh3 Kh8 27.
Bd3 Qc8 28. Qh4 Rf4 29. Qh5 Rf5 30. Ng5 Rxg5 31. Rxg5 Qe8 32. Qh3 Qe7 33. Rf5
Rf8 34. Qf3 Rxf5 35. Qxf5 g6 36. Qh3 Kg7 37. Qg4 Bg5 38. c3 h5 39. Qg3 e4 40.
Be2 Qe5 41. Qxe5+ dxe5 42. Kc2 Kf7 43. Kb3 Ke7 44. Kc4 Kd6 45. a5 Bd2 46. h4
Be1 47. Bd1 Bxh4 48. Be2 Bf2 49. Bf1 g5 50. Bg2 e3 51. Kd3 g4 52. Ke2 h4 53. c4
h3 54. Bf1 e4 55. Kd1 Ke5 56. Ke2 Kd4 57. d6 Bg3 58. d7 Bc7 59. Kd1 Bxa5 60.
Ke2 Bd8 61. Kd1 Ke5 62. Ke2 Kf4 63. Ke1 Kg3 64. Ke2 Bg5 65. d8=Q Bxd8 66. Kxe3
h2 0-1

[Event "XIII Weekend A"]
[Site "Ivrea ITA"]
[Date "2008.03.14"]
[Round "1"]
[White "Zunino, Davide"]
[Black "Castaldo, Antonio"]
[Result "1/2-1/2"]
[WhiteElo "1969"]
[BlackElo "1523"]
[PlyCount "114"]
[EventDate "2008.03.14"]

1. d4 d6 2. Bf4 Nf6 3. e3 g6 4. Nf3 Bg7 5. Be2 O-O 6. O-O Nh5 7. Bg5 h6 8. Bh4
g5 9. Nfd2 Nf6 10. Bg3 Nc6 11. c4 e5 12. d5 Ne7 13. Nc3 Nf5 14. b4 Nxg3 15.
fxg3 Ne8 16. Rc1 f5 17. Nb3 b6 18. a4 g4 19. c5 Qg5 20. Qd2 h5 21. a5 Bh6 22.
Nd1 h4 23. a6 hxg3 24. hxg3 Rf7 25. Rc4 Bxa6 26. Rc2 Bxe2 27. Qxe2 Nf6 28. cxd6
cxd6 29. Nd2 Nxd5 30. Nc4 Rd8 31. Qd2 Nf6 32. Nxe5 Ne4 33. Qd5 Rdf8 34. Nxf7
Rxf7 35. Rc7 Qh5 36. Qxf7+ Qxf7 37. Rxf7 Kxf7 38. Rxf5+ Ke6 39. Rh5 Bg7 40. Nf2
Nxg3 41. Rh7 Bc3 42. b5 Bb4 43. Nxg4 Bc5 44. Kf2 Ne4+ 45. Ke2 Nc3+ 46. Kd3 Nxb5
47. e4 a5 48. Kc4 Nd4 49. Rh6+ Kd7 50. Nf6+ Kc6 51. Nd5 b5+ 52. Kd3 a4 53. g4
a3 54. Rh2 Nf3 55. Ra2 Ne5+ 56. Kc3 Nxg4 57. Ne7+ Kd7 1/2-1/2

[Event "XIII Weekend A"]
[Site "Ivrea ITA"]
[Date "2008.03.15"]
[Round "2"]
[White "Bellafiore, Enzo"]
[Black "Costabloz, Giammarco"]
[Result "1/2-1/2"]
[WhiteElo "1631"]
[BlackElo "1625"]
[PlyCount "106"]
[EventDate "2008.03.14"]

1. b3 d5 2. Bb2 c5 3. e3 e6 4. Nf3 Nc6 5. Bb5 Bd7 6. O-O Nf6 7. d3 Be7 8. Nbd2
O-O 9. Re1 a6 10. Bxc6 Bxc6 11. e4 d4 12. Ne5 Rc8 13. f4 Nd7 14. Nxc6 Rxc6 15.
e5 Nb6 16. Qf3 Nd5 17. a3 Ne3 18. Rac1 Qc7 19. Nf1 Nxf1 20. Rxf1 Rd8 21. Qe4 b5
22. Rf3 c4 23. bxc4 bxc4 24. dxc4 Rxc4 25. Qd3 Rb8 26. Bxd4 Rxd4 27. Qxa6 Qb6
28. Qxb6 Rxb6 29. g3 h6 30. Rd3 Rxd3 31. cxd3 Bxa3 32. Rc2 Rb1+ 33. Kg2 Rb2 34.
Rxb2 Bxb2 35. Kf3 Kf8 36. g4 g6 37. h4 Ke7 38. Ke4 f5+ 39. exf6+ Bxf6 40. h5 g5
41. f5 e5 42. Kd5 Kd7 43. Kc5 Ke7 44. Kc6 Bg7 45. Kc7 Kf6 46. Kd8 e4 47. dxe4
Ke5 48. Ke7 Kxe4 49. f6 Bxf6+ 50. Kxf6 Kf4 51. Kg6 Kxg4 52. Kxh6 Kf4 53. Kg7 g4
1/2-1/2

[Event "XIII Weekend A"]
[Site "Ivrea ITA"]
[Date "2008.03.15"]
[Round "2"]
[White "Blundo, Michele"]
[Black "Castaldo, Folco"]
[Result "0-1"]
[WhiteElo "1897"]
[BlackElo "2349"]
[PlyCount "54"]
[EventDate "2008.03.14"]

1. d4 f5 2. c4 e6 3. Nc3 Nf6 4. g3 Bb4 5. Bg2 O-O 6. Nf3 d6 7. O-O Bxc3 8. bxc3
Qe7 9. Bg5 h6 10. Bxf6 Qxf6 11. e3 Nc6 12. Qd2 e5 13. dxe5 dxe5 14. Rfd1 Be6
15. Qe2 Qf7 16. Nd2 e4 17. f4 Rad8 18. Bf1 Rd3 19. Rac1 Rfd8 20. Qf2 R3d7 21.
Qe1 Na5 22. Nb3 Rxd1 23. Rxd1 Rxd1 24. Qxd1 Nxc4 25. Qd4 b6 26. Bxc4 Bxc4 27.
Nc1 c5 0-1

[Event "XIII Weekend A"]
[Site "Ivrea ITA"]
[Date "2008.03.15"]
[Round "2"]
[White "Castaldo, Antonio"]
[Black "Crepaldi, Marco"]
[Result "1/2-1/2"]
[WhiteElo "1523"]
[BlackElo "1836"]
[PlyCount "75"]
[EventDate "2008.03.14"]

1. Nf3 Nf6 2. g3 b6 3. Bg2 Bb7 4. O-O e6 5. d3 d5 6. Nbd2 Be7 7. Re1 O-O 8. e4
dxe4 9. dxe4 Nxe4 10. Nxe4 Qxd1 11. Rxd1 Bxe4 12. c3 Rd8 13. Bf4 Na6 14. Nd4
Bxg2 15. Kxg2 g5 16. Be3 h6 17. Rd2 Nc5 18. Rad1 Ne4 19. Rd3 a6 20. Nc6 Rxd3
21. Rxd3 Bd6 22. Kf3 f5 23. Bd4 Rf8 24. h3 Rf7 25. Nd8 Re7 26. Nb7 e5 27. Be3
Kg7 28. g4 Kg6 29. Kg2 f4 30. f3 Nf6 31. Nxd6 fxe3 32. Nf5 Re6 33. Nxe3 e4 34.
fxe4 Rxe4 35. Kf3 Rf4+ 36. Ke2 h5 37. gxh5+ Kxh5 38. Nd5 1/2-1/2